[Event "TUR-chT 2nd League"]
[Site "Denizli"]
[Date "2023.07.15"]
[Round "9.133"]
[White "Ergani, Efe"]
[Black "Nukan, Baris Tuna"]
[Result "0-1"]
[WhiteElo "1707"]
[BlackElo "1715"]
[PlyCount "68"]
[EventDate "2023.07.09"]
[EventType "team-swiss"]
[EventRounds "9"]
[EventCountry "TUR"]
[SourceTitle "CBM 215 Extra"]
[Source "ChessBase"]
[SourceDate "2023.09.30"]
[SourceVersion "1"]
[SourceVersionDate "2023.09.30"]
[SourceQuality "1"]
[WhiteTeam "Hayat"]
[BlackTeam "Cigli Batubey"]
[WhiteTeamCountry "TUR"]
[BlackTeamCountry "TUR"]

1. Nf3 c5 2. g3 Nc6 3. Bg2 g6 4. 0-0 Bg7 5. d3 d6 6. e4 e5 7. c3 Nge7 8. a3 a5 9. Nbd2 0-0 10. Rb1 d5 11. exd5 Nxd5 12. Re1 Rb8 13. a4 Re8 14. Nc4 h6 15. Nfd2 Re6 16. Qb3 Nde7 17. Ne4 b6 18. Be3 Kh7 19. f4 Ba6 20. Rbd1 Nd5 21. Bc1 exf4 22. Bh3 fxg3 23. Bxe6 gxh2+ 24. Kh1 fxe6 25. Qc2 Nf6 26. Qxh2 Nxe4 27. dxe4 Qe7 28. Ne3 Ne5 29. Qg3 Rf8 30. Ng2 Rf3 31. Qh2 Ng4 32. Qd6 Qf6 33. Bf4 Nf2+ 34. Kg1 Nh3+ 0-1

[Event "TUR-chT 2nd League"]
[Site "Denizli"]
[Date "2023.07.12"]
[Round "5.54"]
[White "Nukan, Baris Tuna"]
[Black "Tezcan, Alper"]
[Result "1/2-1/2"]
[WhiteElo "1715"]
[BlackElo "1825"]
[PlyCount "97"]
[EventDate "2023.07.09"]
[EventType "team-swiss"]
[EventRounds "9"]
[EventCountry "TUR"]
[SourceTitle "CBM 215 Extra"]
[Source "ChessBase"]
[SourceDate "2023.09.30"]
[SourceVersion "1"]
[SourceVersionDate "2023.09.30"]
[SourceQuality "1"]
[WhiteTeam "Cigli Batubey"]
[BlackTeam "Cesme Belediye"]
[WhiteTeamCountry "TUR"]
[BlackTeamCountry "TUR"]

1. e4 e6 2. d3 d5 3. Nd2 Nf6 4. Ngf3 c5 5. g3 Nc6 6. Bg2 g6 7. 0-0 Bg7 8. Re1 0-0 9. c3 b6 10. e5 Nd7 11. d4 a5 12. Nf1 Ba6 13. Bg5 Qc7 14. Rc1 Qb7 15. a3 Rae8 16. Bf4 Bxf1 17. Kxf1 c4 18. h4 b5 19. Qd2 b4 20. h5 Rb8 21. Ke2 bxc3 22. bxc3 Qb2 23. Rc2 Qxa3 24. Rh1 Qe7 25. Bh3 Rfe8 26. Ng5 Nf8 27. hxg6 fxg6 28. Bg4 Rb3 29. Rxh7 Nxh7 30. Bxe6+ Qxe6 31. Nxe6 Rxe6 32. Bh6 Bxh6 33. Qxh6 Nf8 34. f4 Ne7 35. g4 Reb6 36. Qg5 Kf7 37. f5 a4 38. e6+ Nxe6 39. fxe6+ Rxe6+ 40. Kd2 a3 41. Qh4 Reb6 42. Rc1 Rb2+ 43. Ke3 R6b3 44. Kf4 a2 45. Re1 Rb7 46. Qh7+ Ke8 47. Qxg6+ Kd8 48. Qd6+ Rd7 49. Qa3 1/2-1/2

[Event "TUR-chT 2nd League"]
[Site "Denizli"]
[Date "2023.07.09"]
[Round "1.24"]
[White "Olcayoz, Alper"]
[Black "Nukan, Baris Tuna"]
[Result "1/2-1/2"]
[WhiteElo "2151"]
[BlackElo "1715"]
[PlyCount "84"]
[EventDate "2023.07.09"]
[EventType "team-swiss"]
[EventRounds "9"]
[EventCountry "TUR"]
[SourceTitle "CBM 215 Extra"]
[Source "ChessBase"]
[SourceDate "2023.09.30"]
[SourceVersion "1"]
[SourceVersionDate "2023.09.30"]
[SourceQuality "1"]
[WhiteTeam "Galva Metal"]
[BlackTeam "Cigli Batubey"]
[WhiteTeamCountry "TUR"]
[BlackTeamCountry "TUR"]

1. d4 d5 2. Nf3 c5 3. e3 Nf6 4. c3 e6 5. Nbd2 Nbd7 6. Bd3 b6 7. 0-0 Bb7 8. Ne5 Bd6 9. f4 0-0 10. Qf3 Qe7 11. g4 Rfd8 12. g5 Bxe5 13. fxe5 Ne4 14. h4 f5 15. exf6 gxf6 16. Nxe4 dxe4 17. Bxe4 Bxe4 18. Qxe4 fxg5 19. Qg2 g4 20. e4 Qxh4 21. Bf4 Nf6 22. Be5 Nh5 23. d5 Qg5 24. Bc7 Rd7 25. Bg3 Nxg3 26. Qxg3 exd5 27. Rf5 Qg6 28. Qf4 Rf7 29. Rxf7 Qxf7 30. Qg5+ Kh8 31. Rf1 Qg7 32. Qxd5 Rf8 33. Rxf8+ Qxf8 34. Qe5+ Kg8 35. Qg5+ Qg7 36. Qd8+ Kf7 37. Qd7+ Kg6 38. Qf5+ Kh6 39. Kg2 Qg5 40. Qe6+ Qg6 41. Qe7 Kh5 42. Kg3 Kh6 1/2-1/2

[Event "TUR-chT 2nd League"]
[Site "Konya"]
[Date "2022.08.26"]
[Round "7.7"]
[White "Nukan, Baris Tuna"]
[Black "Senyuz, Mustafa Zorbey"]
[Result "0-1"]
[WhiteElo "1784"]
[BlackElo "1806"]
[PlyCount "68"]
[EventDate "2022.08.22"]
[EventType "team-swiss"]
[EventRounds "9"]
[EventCountry "TUR"]
[SourceTitle "CBM 210 Extra"]
[Source "ChessBase"]
[SourceDate "2022.11.30"]
[SourceVersion "1"]
[SourceVersionDate "2022.11.30"]
[SourceQuality "1"]
[WhiteTeam "Cigli Batubey"]
[BlackTeam "Gulbahcesi Egitim"]
[WhiteTeamCountry "TUR"]
[BlackTeamCountry "TUR"]

1. e4 e5 2. Nc3 Nf6 3. f4 d5 4. fxe5 Nxe4 5. Qf3 Nc6 6. Bb5 Nxc3 7. dxc3 Qh4+ 8. g3 Qe4+ 9. Qxe4 dxe4 10. Bxc6+ bxc6 11. Be3 h5 12. Ne2 Bg4 13. h3 Bd7 14. 0-0-0 0-0-0 15. Rhf1 Re8 16. Rxf7 Be6 17. Rf2 Bxh3 18. Nf4 Bf5 19. b4 Rxe5 20. Rdf1 Bd6 21. Bd4 Re7 22. Bxa7 e3 23. Re2 g5 24. Nd5 cxd5 25. Rxf5 Bxg3 26. Bd4 Rhh7 27. Rxg5 h4 28. Bxe3 Bf4 29. Rg8+ Kb7 30. Kd2 Rxe3 31. Rxe3 Re7 32. Rg4 Bxe3+ 33. Ke2 h3 34. Kf3 Rh7 0-1

[Event "TUR-chT 2nd League"]
[Site "Konya"]
[Date "2019.07.27"]
[Round "8.10"]
[White "Guven, Mustafa"]
[Black "Nukan, Baris Tuna"]
[Result "1/2-1/2"]
[WhiteElo "1458"]
[BlackElo "1703"]
[PlyCount "37"]
[EventDate "2019.07.22"]
[EventType "team-swiss"]
[EventRounds "9"]
[EventCountry "TUR"]
[SourceTitle "CBM 191 Extra"]
[Source "ChessBase"]
[SourceDate "2019.09.30"]
[SourceVersion "1"]
[SourceVersionDate "2019.09.30"]
[SourceQuality "1"]
[WhiteTeam "Ceylanpinar Genclik"]
[BlackTeam "Altin Hamle Corum"]
[WhiteTeamCountry "TUR"]
[BlackTeamCountry "TUR"]

1. d4 f5 2. Nc3 Nf6 3. Bg5 e6 4. e4 fxe4 5. Nxe4 Be7 6. Bxf6 Bxf6 7. Nf3 0-0 8. Bd3 d5 9. Ng3 c5 10. c3 Bxd4 11. Bxh7+ Kxh7 12. Ng5+ Kg8 13. Qh5 Bxf2+ 14. Kd1 Rf4 15. Qe8+ Rf8 16. Qh5 Rf4 17. Qe8+ Rf8 18. Qh5 Rf4 19. Qe8+ 1/2-1/2

[Event "TUR-chT 2nd League"]
[Site "Konya"]
[Date "2019.07.23"]
[Round "3.14"]
[White "Kurt, Emre"]
[Black "Nukan, Baris Tuna"]
[Result "0-1"]
[WhiteElo "1675"]
[BlackElo "1703"]
[PlyCount "52"]
[EventDate "2019.07.22"]
[EventType "team-swiss"]
[EventRounds "9"]
[EventCountry "TUR"]
[SourceTitle "CBM 191 Extra"]
[Source "ChessBase"]
[SourceDate "2019.09.30"]
[SourceVersion "1"]
[SourceVersionDate "2019.09.30"]
[SourceQuality "1"]
[WhiteTeam "Gulbahcesi Egitim"]
[BlackTeam "Altin Hamle Corum"]
[WhiteTeamCountry "TUR"]
[BlackTeamCountry "TUR"]

1. Nf3 f5 2. g3 Nf6 3. d4 e6 4. Bg2 d5 5. 0-0 Bd6 6. b3 Qe7 7. Bb2 0-0 8. c4 c6 9. Nbd2 Ne4 10. Ne5 Nd7 11. e3 Ndf6 12. f3 Nxd2 13. Qxd2 Bd7 14. a4 Be8 15. Qc1 Rc8 16. c5 Bxe5 17. dxe5 Nd7 18. Bd4 b6 19. b4 h5 20. Qc3 h4 21. f4 Bh5 22. Kf2 Qf7 23. Qd3 Qg6 24. Bf3 Rb8 25. Rh1 Kf7 26. Qe2 Rh8 0-1

[Event "Kesan op 16th"]
[Site "Kesan"]
[Date "2018.08.15"]
[Round "6"]
[White "Kamer, Kayra"]
[Black "Nukan, Baris Tuna"]
[Result "1/2-1/2"]
[WhiteElo "2208"]
[BlackElo "1718"]
[PlyCount "120"]
[EventDate "2018.08.12"]
[EventType "swiss"]
[EventRounds "9"]
[EventCountry "TUR"]
[SourceTitle "CBM 186 Extra"]
[Source "ChessBase"]
[SourceDate "2018.08.24"]
[SourceVersion "1"]
[SourceVersionDate "2018.08.24"]
[SourceQuality "1"]

1. c4 f5 2. b3 Nf6 3. Bb2 e6 4. g3 d5 5. cxd5 exd5 6. Bg2 c6 7. Nf3 Bd6 8. d3 0-0 9. Nbd2 Qe7 10. 0-0 Nbd7 11. Qc2 Ne5 12. e3 Bd7 13. Rfe1 Rae8 14. Nxe5 Bxe5 15. Bxe5 Qxe5 16. b4 Qd6 17. Rab1 Ng4 18. h3 Nf6 19. a4 g5 20. Qc5 Qxc5 21. bxc5 Bc8 22. Rb4 Nd7 23. Rc1 f4 24. gxf4 gxf4 25. exf4 Re2 26. Nf1 Re6 27. Ng3 Ref6 28. Ne2 Re8 29. Kf1 Nf8 30. Ng3 a5 31. Rb6 Rxf4 32. Nh5 Rf5 33. Ng3 Rf7 34. d4 Ne6 35. Rd1 Nf4 36. h4 Bh3 37. Bxh3 Nxh3 38. Rd2 Ref8 39. Rbb2 Nf4 40. Rb3 Ng6 41. h5 Nh4 42. Rdb2 Nf3 43. Rxb7 Nxd4 44. Rxf7 Rxf7 45. Rb6 Rc7 46. Kg2 Kf7 47. Ra6 Nb3 48. f4 d4 49. Ne4 d3 50. Ra8 Rd7 51. Nd6+ Ke6 52. Re8+ Kd5 53. Re5+ Kd4 54. Kf2 Kc3 55. f5 d2 56. Ne4+ Kb4 57. Nxd2 Nxd2 58. Kg3 Kxa4 59. Kf4 Kb5 60. f6 Rf7 1/2-1/2

[Event "Kesan op 16th"]
[Site "Kesan"]
[Date "2018.08.15"]
[Round "7"]
[White "Nukan, Baris Tuna"]
[Black "Ermis, Mehmet Eren"]
[Result "0-1"]
[WhiteElo "1718"]
[BlackElo "1925"]
[PlyCount "94"]
[EventDate "2018.08.12"]
[EventType "swiss"]
[EventRounds "9"]
[EventCountry "TUR"]
[SourceTitle "CBM 186 Extra"]
[Source "ChessBase"]
[SourceDate "2018.08.24"]
[SourceVersion "1"]
[SourceVersionDate "2018.08.24"]
[SourceQuality "1"]

1. e4 c5 2. Nc3 Nc6 3. f4 e6 4. Nf3 d5 5. e5 Nge7 6. g3 Nf5 7. Bg2 Be7 8. 0-0 h5 9. d3 Bd7 10. Bd2 Qb6 11. Na4 Qc7 12. Nc3 0-0-0 13. Nb5 Qb6 14. c4 dxc4 15. dxc4 a6 16. Nc3 Nb4 17. Na4 Qc7 18. Qb3 Bc6 19. Bxb4 cxb4 20. c5 Qa5 21. Nb6+ Kb8 22. Nc4 Qxc5+ 23. Kh1 Bd5 24. Rac1 b5 25. Nd6 Qxc1 26. Rxc1 Bxb3 27. axb3 Bxd6 28. exd6 f6 29. Nd2 Nxd6 30. Rc6 Rd7 31. Rxa6 Rhd8 32. h3 Ra7 33. Rb6+ Kc7 34. Rc6+ Kd7 35. Rc5 Rc8 36. Rxh5 Rc2 37. Nf3 Ra1+ 38. Kh2 Nf5 39. Rh7 Kd6 40. Rh8 Ne3 41. Rd8+ Ke7 42. Rd2 Rxd2 43. Nxd2 Ra2 44. Nf1 Nxf1+ 45. Bxf1 Rxb2+ 46. Kg1 Rxb3 47. Kf2 Rc3 0-1

[Event "Kesan op 16th"]
[Site "Kesan"]
[Date "2018.08.14"]
[Round "5"]
[White "Nukan, Baris Tuna"]
[Black "Grigoriev, Armen"]
[Result "1/2-1/2"]
[WhiteElo "1718"]
[BlackElo "2079"]
[PlyCount "82"]
[EventDate "2018.08.12"]
[EventType "swiss"]
[EventRounds "9"]
[EventCountry "TUR"]
[SourceTitle "CBM 186 Extra"]
[Source "ChessBase"]
[SourceDate "2018.08.24"]
[SourceVersion "1"]
[SourceVersionDate "2018.08.24"]
[SourceQuality "1"]

1. e4 g6 2. Nf3 Bg7 3. Nc3 d6 4. d4 c6 5. Bd3 e5 6. dxe5 dxe5 7. 0-0 Nd7 8. Bc4 h6 9. Qd6 Qe7 10. Qxe7+ Nxe7 11. Be3 0-0 12. a4 Re8 13. Rfd1 Nf8 14. h3 Ne6 15. Rd6 g5 16. Rad1 Ng6 17. Ne2 Bf8 18. R6d2 Nc5 19. Bxc5 Bxc5 20. Rd8 Kf8 21. Rxe8+ Kxe8 22. c3 a5 23. Ng3 Be6 24. Bxe6 fxe6 25. Nf1 b5 26. axb5 cxb5 27. Ne3 Bxe3 28. fxe3 Ke7 29. Kf2 Rc8 30. Ke2 Rc5 31. Kd3 a4 32. b3 axb3 33. Rb1 Nf8 34. Rxb3 Nd7 35. Rb4 Kd6 36. Nd2 Rc8 37. Rxb5 Nc5+ 38. Ke2 Na4 39. Rb3 Nxc3+ 40. Kd3 Na4 41. Nc4+ Kc7 1/2-1/2

[Event "Kesan op 16th"]
[Site "Kesan"]
[Date "2018.08.13"]
[Round "2"]
[White "Lomsadze, David"]
[Black "Nukan, Baris Tuna"]
[Result "1-0"]
[WhiteElo "2352"]
[BlackElo "1718"]
[PlyCount "69"]
[EventDate "2018.08.12"]
[EventType "swiss"]
[EventRounds "9"]
[EventCountry "TUR"]
[SourceTitle "CBM 186 Extra"]
[Source "ChessBase"]
[SourceDate "2018.08.24"]
[SourceVersion "1"]
[SourceVersionDate "2018.08.24"]
[SourceQuality "1"]

1. Nf3 f5 2. g3 Nf6 3. Bg2 e6 4. 0-0 d5 5. d3 Bd6 6. Nc3 0-0 7. e4 Nc6 8. exd5 Nxd5 9. Nb5 a6 10. Nxd6 cxd6 11. c4 Nf6 12. d4 e5 13. d5 Ne7 14. b3 b5 15. Ba3 Rb8 16. Qe1 Ng6 17. Ng5 Re8 18. Qb4 Rb6 19. Rfd1 e4 20. c5 dxc5 21. Qxc5 Ne5 22. Ne6 Bxe6 23. dxe6 Nd3 24. e7 Qb8 25. Qxf5 b4 26. Bxe4 Nxf2 27. Bd5+ Nxd5 28. Qxd5+ Kh8 29. Kxf2 Rf6+ 30. Kg1 bxa3 31. Qd8 Rb6 32. Qxe8+ Qxe8 33. Rd8 Rb8 34. Rad1 Kg8 35. Rxb8 1-0

[Event "TUR-chT 2nd League"]
[Site "Konya"]
[Date "2017.07.18"]
[Round "3.14"]
[White "Nukan, Baris Tuna"]
[Black "Birol, Emir Efe"]
[Result "0-1"]
[WhiteElo "1662"]
[BlackElo "1462"]
[PlyCount "86"]
[EventDate "2017.07.17"]
[EventType "team-swiss"]
[EventRounds "9"]
[EventCountry "TUR"]
[SourceTitle "CBM 179 Extra"]
[Source "ChessBase"]
[SourceDate "2017.08.23"]
[SourceVersion "1"]
[SourceVersionDate "2017.08.23"]
[SourceQuality "1"]
[WhiteTeam "Altin Hamle Corum"]
[BlackTeam "Antalya Calli"]
[WhiteTeamCountry "TUR"]
[BlackTeamCountry "TUR"]

1. e4 c6 2. d4 d5 3. exd5 cxd5 4. c4 Nf6 5. Nc3 Nc6 6. Nf3 Bg4 7. cxd5 Nxd5 8. Bc4 Nxc3 9. bxc3 e6 10. 0-0 Bd6 11. h3 Bh5 12. d5 exd5 13. Qxd5 Bg6 14. Re1+ Be7 15. Ba3 Qxd5 16. Bxd5 0-0-0 17. Bxc6 Bxa3 18. Ba4 Bb2 19. Rad1 Rxd1 20. Rxd1 Rd8 21. Rxd8+ Kxd8 22. c4 Ke7 23. Bb3 Kd6 24. Kf1 Bd3+ 25. Ke1 Bc3+ 26. Kd1 f6 27. Ne1 Bxe1 28. Kxe1 Kc5 29. a3 Bxc4 30. Bc2 h6 31. g3 Kd4 32. Kd2 b5 33. f4 a5 34. g4 b4 35. axb4 axb4 36. h4 b3 37. Bd1 b2 38. Bc2 Ba2 39. g5 b1Q 40. Bxb1 Bxb1 41. gxh6 gxh6 42. Ke2 Ke4 43. f5 Kxf5 0-1